Statistics for Counties of Norway

Click here to take the quiz!

General Stats

  • This quiz has been taken 15 times
  • The average score is 8 of 12

Answer Stats

Answer% Correct
Oslo
92%
Agder
85%
Nordland
77%
Troms og Finnmark
77%
Rogaland
62%
Vestland
62%
Møre og Romsdal
54%
Trøndelag
54%
Viken
54%
Innlandet
46%
Svalbard
46%
Vestfold og Telemark
46%

Score Distribution

Percentile by Number Answered

Percent of People with Each Score

Your Score History

You have not taken this quiz